| 000 | 01051nam a2200217 4500 | ||
|---|---|---|---|
| 003 | CO-ViMGA | ||
| 020 | _a9789583035531 | ||
| 040 |
_aCO-ViMGA _bspa _cCO-ViMGA |
||
| 082 | 0 | 4 |
_aI 355.03 _bJ69u |
| 100 | 1 |
_aJohnson, Stephen _9707 |
|
| 245 | 1 | 0 |
_aUn antiguo fuerte romano / _cStephen Johnson ; ilustrador Mark Bergin ; traducción del inglés María Patricia Esguerra |
| 260 |
_aBogota : _bPanamericana Editorial, _c2010 |
||
| 300 |
_a45 p. : _bil. ; color |
||
| 490 | _aGuías visuales espectaculares | ||
| 500 | _aDa un paso adentro de un fuerte fronterizo y mira cómo defendían los romanos su formidable imperio. Conoce cómo entrenaban los soldados romanos y a qué dedicaban su tiempo libre. Admira la magnífica tecnología militar que convirtió a Roma en gobernante de la mayor parte del mundo conocido hasta entonces... Tomado de la contracubierta | ||
| 650 | 1 | 4 |
_aEjercitos _xHistoria _zRoma _9708 |
| 650 | 1 | 4 |
_aTactica militar _9709 |
| 700 | 1 |
_aBergin, Mark _eil. _9710 |
|
| 700 | 1 |
_aEsguerra, María Patricia _etr. _940 |
|
| 942 |
_2ddc _cBK |
||
| 999 |
_c37280 _d37280 |
||